000 00378nam a2200145Ia 4500
008 240729s9999 xx 000 0 und d
022 _a2536-9482
245 0 _aFayoum University Medical Journal
260 _aEgypt
260 _bFayoum University
650 _aMedicine
856 _uhttps://doaj.org/toc/3da477179148443d8717525cee06f7eb
942 _2ddc
942 _cDOAJEJ
999 _c68645
_d68645
945 _a1
_bMadushi Gamage
_c1
_dMadushi Gamage